000 00514nam a2200205Ia 4500
003 LK-CoDNM
005 20240312135900.0
008 010623t1935 xxu||||| |||| 00| 1 sin d
040 _aLK-CoDNM
_dLK-CoDNM
_eLK-CoDNM
041 _asin
080 _a104 CC9
100 _aRanawaka,edvin
245 _aභූගෝල විද්‍යා
246 _aBuugoola vidyaa
260 _bM.D.Gunasena
_acolombo
_c1935
300 _bDamaged
_a58p., 18 cm
650 _aGeography
650 _aScience
942 _cBK
999 _c97843
_d97843